Missing Word: Preposition Movies Quiz Stats

 Plays Quiz Updated Jun 13, 2013

Challenge
Share
Tweet
Embed
Score 0/14 Timer 03:00
2 Plays Today
Movie Missing Word % Correct
Around the _____ in 80 DaysWorld
99.6%
Of _____ and MenMice
97.4%
Against All _____Odds
95.2%
For Your _____ OnlyEyes
95.2%
_____ Russia with LoveFrom
92.9%
_____ Enemy LinesBehind
89.7%
At _____ SightFirst
85.2%
Movie Missing Word % Correct
_____ the HedgeOver
77.2%
Into the _____Wild
60.6%
_____ BrugesIn
55.3%
Under the _____ SunTuscan
54.2%
_____ the UniverseAcross
44.4%
To _____ House We GoGrandmother's
44.3%
____ ZeroBelow
36.4%

Today's Daily Dose

Missing Word
Biopics

Word Ladder
Food Idioms

Quick Pick
Diets

On This Day
December 18th II

You're not logged in!

Compare scores with friends on all Sporcle quizzes.
OR
Log In

You Might Also Like...

Show Comments

Extras

Top Quizzes Today


Score Distribution

Your Account Isn't Verified!

In order to create a playlist on Sporcle, you need to verify the email address you used during registration. Go to your Sporcle Settings to finish the process.

Report this User

Report this user for behavior that violates our Community Guidelines.

Details: